Introduction to FORTRAN 77 and the personal computer / (Record no. 541751)
[ view plain ]
| 000 -LEADER | |
|---|---|
| fixed length control field | 00738cam a2200205 a 4500 |
| 020 ## - INTERNATIONAL STANDARD BOOK NUMBER | |
| International Standard Book Number | 0070259127 (pbk.) : |
| 082 00 - DEWEY DECIMAL CLASSIFICATION NUMBER | |
| Classification number | 005.26F |
| Author Mark | HAM |
| -- | M-L-02,P-132 |
| 100 1# - MAIN ENTRY--PERSONAL NAME | |
| Personal name | Hammond, Robert H. |
| 9 (RLIN) | 36780 |
| 245 10 - TITLE STATEMENT | |
| Title | Introduction to FORTRAN 77 and the personal computer / |
| Statement of responsibility, etc. | Robert H. Hammond, William B. Rogers, John B. Crittenden. |
| 260 ## - PUBLICATION, DISTRIBUTION, ETC. | |
| Place of publication, distribution, etc. | New York : |
| Name of publisher, distributor, etc. | McGraw-Hill, |
| Date of publication, distribution, etc. | c1987. |
| 300 ## - PHYSICAL DESCRIPTION | |
| Extent | xvi, 413 p. : |
| Other physical details | ill. ; |
| Dimensions | 24 cm. |
| 500 ## - GENERAL NOTE | |
| General note | Includes index. |
| 526 ## - STUDY PROGRAM INFORMATION NOTE | |
| Program name | 0 |
| Interest level | 0 |
| Reading level | 0 |
| Title point value | 005_000000000000000_26F_HAM |
| 526 ## - STUDY PROGRAM INFORMATION NOTE | |
| Program name | 0 |
| Interest level | 0 |
| Reading level | 0 |
| Title point value | 005_000000000000000_26F_HAM |
| 650 #0 - SUBJECT ADDED ENTRY--TOPICAL TERM | |
| Topical term or geographic name entry element | FORTRAN 77 (Computer program language) |
| 9 (RLIN) | 36781 |
| 650 #0 - SUBJECT ADDED ENTRY--TOPICAL TERM | |
| Topical term or geographic name entry element | MCE |
| 9 (RLIN) | 379 |
| 700 1# - ADDED ENTRY--PERSONAL NAME | |
| Personal name | Crittenden, John B. |
| 9 (RLIN) | 36782 |
| 700 1# - ADDED ENTRY--PERSONAL NAME | |
| Personal name | Rogers, William B., |
| 9 (RLIN) | 36783 |
| 942 ## - ADDED ENTRY ELEMENTS (KOHA) | |
| Source of classification or shelving scheme | |
| Koha item type | Book |
| Withdrawn status | Lost status | Source of classification or shelving scheme | Damaged status | Not for loan | Permanent Location | Current Location | Date acquired | Total Checkouts | Full call number | Barcode | Date last seen | Copy number | Price effective from | Koha item type |
|---|---|---|---|---|---|---|---|---|---|---|---|---|---|---|
| Military College of Engineering (MCE) | Military College of Engineering (MCE) | 08/27/2013 | 005.26F HAM | MCE-25156 | 08/27/2013 | 01 | 08/27/2013 | Book | ||||||
| Military College of Engineering (MCE) | Military College of Engineering (MCE) | 08/27/2013 | 005.26F HAM | MCE-25155 | 08/27/2013 | 02 | 08/27/2013 | Book |
